000 00554nam a2200205Ia 4500
005 20260429112205.0
008 260429s9999||||xx |||||||||||||| ||und||
020 _a9789355275684
041 _aEnglish
082 _a894.811
_bPIL
100 _aPillai, M. S. Purnalingam
245 0 _aCritical studies in Kural /
_cM. S. Purnalingam Pillai
250 _a1st ed.
260 _aChennai :
_bMaven Books,
_c2023.
300 _axi, 100 p.; pbk
650 _a Literary criticism
650 _a Tamil literature
650 _aTirukkural
942 _cTB
999 _c52808
_d52808